Cách ghi ký âm từ tiếng Anh

Sách cung cấp cho người đọc các nguyên tắc và các luật ngữ âm giúp người học tự tin hơn với các vấn đề của tiếng Anh.

Đã lưu trong:
Sonraí Bibleagrafaíochta
Príomhúdar: Nguyễn, Văn Bền
Formáid: Leabhar
Teanga:Undetermined
Foilsithe: Hà Nội Thanh niên 2009
Ábhair:
Clibeanna: Cuir Clib Leis
Gan Chlibeanna, Bí ar an gcéad duine leis an taifead seo a chlibeáil!
Thư viện lưu trữ: Trung tâm Học liệu Trường Đại học Cần Thơ
LEADER 00858nam a2200217Ia 4500
001 CTU_147886
008 210402s9999 xx 000 0 und d
020 |c 24000 
082 |a 428.1 
082 |b B254 
100 |a Nguyễn, Văn Bền 
245 0 |a Cách ghi ký âm từ tiếng Anh 
245 0 |c Nguyễn Văn Bền 
260 |a Hà Nội 
260 |b Thanh niên 
260 |c 2009 
520 |a Sách cung cấp cho người đọc các nguyên tắc và các luật ngữ âm giúp người học tự tin hơn với các vấn đề của tiếng Anh. 
650 |a English language,Ngôn ngữ Anh 
650 |x Pronunciation for foreign speakers,Phát âm cho người nước ngoài 
904 |i Trọng Hải 
980 |a Trung tâm Học liệu Trường Đại học Cần Thơ